000 00260nam a22001217a 4500
008 180302b xxu||||| |||| 00| 0 eng d
041 _aeng
080 _a159.9
100 _a48
101 _asoc
245 _aessentials readings
_cstevi.j
942 _2udc
_cBK
999 _c43997
_d43997